[Event "ESP-chT CECLUB Div2"]
[Site "Linares"]
[Date "2024.08.13"]
[Round "3.19"]
[White "Horcajuelo Rocamora, Martin"]
[Black "Bas Mas, Miguel"]
[Result "1/2-1/2"]
[WhiteElo "2295"]
[BlackElo "2147"]
[PlyCount "103"]
[EventDate "2024.08.11"]
[EventType "team-swiss"]
[EventRounds "7"]
[EventCountry "ESP"]
[SourceTitle "CBM 221 Extra"]
[Source "ChessBase"]
[SourceDate "2024.09.30"]
[SourceVersion "1"]
[SourceVersionDate "2024.09.30"]
[SourceQuality "1"]
[WhiteTeam "Diagonal Alcorcon"]
[BlackTeam "Xeraco"]
[WhiteTeamCountry "ESP"]
[BlackTeamCountry "ESP"]

1. d4 f5 2. Bg5 Nf6 3. Bxf6 exf6 4. e3 d5 5. Nf3 Be6 6. Bd3 Nc6 7. a3 Qd7 8. Nc3 0-0-0 9. Ne2 Kb8 10. Qd2 Ne7 11. h4 h5 12. Nf4 Bf7 13. b3 Nc8 14. c4 dxc4 15. bxc4 Bd6 16. g3 c5 17. Qc2 g6 18. Rb1 cxd4 19. Nxd4 Bc5 20. 0-0 Nb6 21. Rfd1 Qe8 22. Nb3 Rc8 23. Bf1 Rc7 24. Nxc5 Rxc5 25. Rd6 g5 26. hxg5 fxg5 27. Nd3 Rxc4 28. Qb2 Rc7 29. Qe5 Qxe5 30. Nxe5 Re7 31. f4 gxf4 32. gxf4 Kc7 33. Rf6 Rg8+ 34. Kf2 Bd5 35. Rc1+ Kb8 36. Rxf5 h4 37. Rh5 Be4 38. Rxh4 a6 39. Rh6 Ka7 40. a4 Rd8 41. a5 Nd5 42. Be2 Rf8 43. Bf3 Rxe5 44. fxe5 Rxf3+ 45. Ke2 Rxe3+ 46. Kf2 Rf3+ 47. Kg1 Rg3+ 48. Kf1 Rf3+ 49. Kg1 Rg3+ 50. Kf1 Rf3+ 51. Kg1 Rg3+ 52. Kf1 1/2-1/2

[Event "ESP-chT CECLUB Div2"]
[Site "Linares"]
[Date "2017.08.11"]
[Round "6.4"]
[White "Bas Mas, Miguel"]
[Black "Alvarez Fernandez, Enrique"]
[Result "0-1"]
[WhiteElo "2236"]
[BlackElo "2310"]
[PlyCount "96"]
[EventDate "2017.08.08"]
[EventType "team"]
[EventRounds "7"]
[EventCountry "ESP"]
[SourceTitle "CBM 179 Extra"]
[Source "ChessBase"]
[SourceDate "2017.08.23"]
[SourceVersion "1"]
[SourceVersionDate "2017.08.23"]
[SourceQuality "1"]
[WhiteTeam "Xeraco CE"]
[BlackTeam "Gijon Antonio Rico"]
[WhiteTeamCountry "ESP"]
[BlackTeamCountry "ESP"]

1. e4 c5 2. Nc3 d6 3. f4 g6 4. Nf3 Bg7 5. Bb5+ Bd7 6. Be2 Nc6 7. 0-0 Nd4 8. a4 e6 9. Nb5 Nxb5 10. Bxb5 Bxb5 11. axb5 Ne7 12. Rb1 0-0 13. Kh1 Qb6 14. c4 a6 15. b4 axb5 16. bxc5 Qxc5 17. cxb5 Rfc8 18. d4 Qc4 19. Bd2 d5 20. e5 h5 21. Rb4 Qc2 22. Qb1 Nf5 23. Rc1 Qxb1 24. Rbxb1 Rc4 25. Rxc4 dxc4 26. Rc1 Ra4 27. Kg1 Bf8 28. Kf2 Be7 29. Rc2 Bd8 30. g3 Bb6 31. Bc3 Ra3 32. Ke2 Rb3 33. Nd2 Bxd4 34. Nxb3 cxb3 35. Rc1 Bxc3 36. Kd3 b2 37. Rb1 Bd4 38. Kc2 f6 39. exf6 b6 40. Re1 Kf7 41. Re4 Kxf6 42. h3 Bc5 43. Kxb2 Nxg3 44. Rc4 Nf5 45. h4 Nd6 46. Rc2 Nxb5 47. Rg2 Nd6 48. Kb3 Nf5 0-1

[Event "ESP-chT CECLUB Div2"]
[Site "Linares"]
[Date "2017.08.09"]
[Round "2.3"]
[White "Bas Mas, Miguel"]
[Black "Garcia Padron, Jose"]
[Result "1-0"]
[WhiteElo "2236"]
[BlackElo "2432"]
[PlyCount "57"]
[EventDate "2017.08.08"]
[EventType "team"]
[EventRounds "7"]
[EventCountry "ESP"]
[SourceTitle "CBM 179 Extra"]
[Source "ChessBase"]
[SourceDate "2017.08.23"]
[SourceVersion "1"]
[SourceVersionDate "2017.08.23"]
[SourceQuality "1"]
[WhiteTeam "Xeraco CE"]
[BlackTeam "Villa de Teror Goya"]
[WhiteTeamCountry "ESP"]
[BlackTeamCountry "ESP"]

1. e4 e5 2. Nf3 Nc6 3. Bb5 a6 4. Ba4 Nf6 5. 0-0 Be7 6. Nc3 b5 7. Bb3 d6 8. a3 Bg4 9. h3 Bh5 10. Bd5 Nxd5 11. Nxd5 f5 12. exf5 e4 13. g4 exf3 14. gxh5 Nd4 15. Re1 c6 16. Rxe7+ Kf8 17. Re4 Ne2+ 18. Kh2 cxd5 19. Re3 Nd4 20. Rxf3 Nxf3+ 21. Qxf3 Qe7 22. d3 Qf7 23. Bf4 Rd8 24. Re1 Kg8 25. Qg4 h6 26. Qg6 Rf8 27. Bxd6 Qxf5 28. Bxf8 Qxf2+ 29. Qg2 1-0

[Event "Sueca op 3rd"]
[Site "Sueca"]
[Date "2017.07.26"]
[Round "3"]
[White "Bas Mas, Miguel"]
[Black "Montoliu Cervero, Francisco"]
[Result "0-1"]
[WhiteElo "2244"]
[BlackElo "2384"]
[PlyCount "64"]
[EventDate "2017.07.24"]
[EventType "swiss"]
[EventRounds "8"]
[EventCountry "ESP"]
[SourceTitle "CBM 179 Extra"]
[Source "ChessBase"]
[SourceDate "2017.08.23"]
[SourceVersion "1"]
[SourceVersionDate "2017.08.23"]
[SourceQuality "1"]

1. e4 c5 2. Nc3 Nc6 3. Bb5 Nd4 4. Nf3 g6 5. Nxd4 cxd4 6. Ne2 Bg7 7. 0-0 a6 8. Bc4 e6 9. Bb3 b5 10. d3 Bb7 11. f4 Ne7 12. Qe1 a5 13. a4 b4 14. f5 Nc6 15. Qg3 Qe7 16. Bg5 f6 17. fxg6 0-0-0 18. Bf4 hxg6 19. Bd6 Qf7 20. Nxd4 Nxd4 21. Qe3 f5 22. e5 Rh4 23. g3 Bh6 24. Rf4 Bxf4 25. Qxd4 Qh7 26. Qc4+ Bc6 27. Qa6+ Bb7 28. Qxa5 Be3+ 29. Kf1 Rf4+ 30. Ke1 Bd2+ 31. Kd1 Qh5+ 32. Kxd2 Qxh2+ 0-1

[Event "Xativa Murta op 3rd"]
[Site "Xativa"]
[Date "2017.07.21"]
[Round "7"]
[White "Pedros Viudes, Santiago"]
[Black "Bas Mas, Miguel"]
[Result "1/2-1/2"]
[WhiteElo "2026"]
[BlackElo "2244"]
[PlyCount "88"]
[EventDate "2017.07.17"]
[EventType "swiss"]
[EventRounds "7"]
[EventCountry "ESP"]
[SourceTitle "EXT 2018"]
[Source "ChessBase"]
[SourceDate "2017.10.13"]
[SourceVersion "1"]
[SourceVersionDate "2017.10.13"]
[SourceQuality "1"]

1. d4 f5 2. g3 Nf6 3. Bg2 e6 4. Nf3 Be7 5. 0-0 0-0 6. c4 d6 7. Nc3 a5 8. Qc2 Nc6 9. a3 e5 10. d5 Nb8 11. e4 Qe8 12. Bg5 Qg6 13. Bxf6 Bxf6 14. exf5 Bxf5 15. Qb3 b6 16. Nd2 a4 17. Qd1 Bg4 18. Be4 Qh5 19. Bf3 Bxf3 20. Qxf3 Qxf3 21. Nxf3 Nd7 22. Nd2 Nc5 23. Nde4 Nb3 24. Rad1 Na5 25. Nb5 Rf7 26. Rc1 Raf8 27. Rc3 Bd8 28. Kg2 g5 29. g4 Rf4 30. f3 h6 31. Rf2 h5 32. h3 hxg4 33. hxg4 R8f7 34. Kg3 Rh7 35. Rh2 Rxh2 36. Kxh2 Kf7 37. Kg2 Ke8 38. Na7 Kd7 39. Kf2 Be7 40. Nb5 Rf7 41. Kg2 Rf8 42. Kf2 Rh8 43. Kg2 Rf8 44. Kf2 Rh8 1/2-1/2

[Event "Xativa Murta op 3rd"]
[Site "Xativa"]
[Date "2017.07.19"]
[Round "4"]
[White "Bas Mas, Miguel"]
[Black "Sampedro Barrios, Pablo"]
[Result "1-0"]
[WhiteElo "2244"]
[BlackElo "1899"]
[PlyCount "41"]
[EventDate "2017.07.17"]
[EventType "swiss"]
[EventRounds "7"]
[EventCountry "ESP"]
[SourceTitle "CBM 179 Extra"]
[Source "ChessBase"]
[SourceDate "2017.08.23"]
[SourceVersion "1"]
[SourceVersionDate "2017.08.23"]
[SourceQuality "1"]

1. e4 b6 2. d4 Bb7 3. Nc3 e6 4. Nf3 Nf6 5. Bd3 Bb4 6. Bg5 h6 7. Bxf6 gxf6 8. Qd2 Nc6 9. a3 Bf8 10. 0-0 Rg8 11. Rfe1 f5 12. d5 Ne7 13. exf5 Nxd5 14. Be4 Nxc3 15. Bxb7 Rb8 16. Bc6 dxc6 17. Qxc3 Qd5 18. fxe6 Bg7 19. Qb4 fxe6 20. Rad1 c5 21. Qg4 1-0

[Event "Benidorm op U2300 15th"]
[Site "Benidorm"]
[Date "2016.12.02"]
[Round "1"]
[White "Bas Mas, Miguel"]
[Black "Galiana Fernandez, Adrian"]
[Result "1-0"]
[WhiteElo "2258"]
[BlackElo "2102"]
[PlyCount "115"]
[EventDate "2016.12.02"]
[EventType "swiss"]
[EventRounds "10"]
[EventCountry "ESP"]
[SourceTitle "EXT 2019"]
[Source "ChessBase"]
[SourceDate "2018.10.10"]
[SourceVersion "1"]
[SourceVersionDate "2018.10.10"]
[SourceQuality "1"]

1. e4 c5 2. Nf3 e6 3. b4 b6 4. bxc5 bxc5 5. Nc3 Nc6 6. Bb5 Nd4 7. 0-0 Nxb5 8. Nxb5 Rb8 9. c4 a6 10. Nc3 Ne7 11. d3 Nc6 12. Bf4 d6 13. e5 dxe5 14. Nxe5 Nxe5 15. Bxe5 Bd6 16. Bxd6 Qxd6 17. Ne4 Qc6 18. Qh5 0-0 19. Qxc5 Bb7 20. Qxc6 Bxc6 21. Nc5 a5 22. Rab1 Rbc8 23. Nb3 Rfd8 24. Nxa5 Ba4 25. Rfc1 Rxd3 26. Nb3 Kf8 27. Kf1 Ke7 28. Ke2 Rd7 29. f3 e5 30. Nd2 f5 31. Rb2 Rc6 32. Rb4 Rcd6 33. Nf1 Bc6 34. c5 Rd5 35. Rb6 Ba4 36. c6 Rc7 37. Ne3 Bb5+ 38. Ke1 Rd3 39. Nxf5+ Kf6 40. Rxb5 Kxf5 41. Rb7 Rc8 42. c7 Ke6 43. a4 Rd5 44. Ke2 Kd7 45. Ke3 g6 46. Ra7 Kd6 47. a5 h6 48. Rc3 h5 49. Rd3 Rxd3+ 50. Kxd3 Kc6 51. Ke4 Re8 52. a6 Rf8 53. Rb7 h4 54. Kxe5 h3 55. gxh3 Rh8 56. Kf6 Kd7 57. a7 Rf8+ 58. Kg7 1-0

[Event "Andorra op 34th"]
[Site "Escaldes"]
[Date "2016.08.06"]
[Round "4"]
[White "Bas Mas, Miguel"]
[Black "Pein, Malcolm"]
[Result "0-1"]
[WhiteElo "2123"]
[BlackElo "2357"]
[PlyCount "110"]
[EventDate "2016.08.03"]
[EventType "swiss"]
[EventRounds "9"]
[EventCountry "AND"]
[SourceTitle "CBM 173 Extra"]
[Source "ChessBase"]
[SourceDate "2016.08.29"]
[SourceVersion "1"]
[SourceVersionDate "2016.08.29"]
[SourceQuality "1"]

1. e4 d6 2. d4 Nf6 3. Nc3 c6 4. h3 g6 5. Nf3 Bg7 6. a4 0-0 7. Be2 Nbd7 8. e5 dxe5 9. dxe5 Nd5 10. Nxd5 cxd5 11. Qxd5 Nxe5 12. Qxd8 Rxd8 13. Nxe5 Bxe5 14. Bf3 Bf5 15. c3 Bd3 16. Be3 Rac8 17. 0-0-0 b6 18. Rd2 Bc4 19. Rhd1 Rd6 20. Rxd6 Bxd6 21. Kc2 Kf8 22. Bd5 Ke8 23. a5 bxa5 24. Bxa7 Bb5 25. Bd4 a4 26. Re1 e6 27. Be4 Bc4 28. Bd3 Bb3+ 29. Kd2 Rb8 30. c4 Rc8 31. Kc3 Bc7 32. Bc5 Bd8 33. Kb4 Bf6 34. Re2 Rb8+ 35. Ka3 Rc8 36. Bb4 Bd4 37. c5 Rxc5 38. Be4 Rc1 39. Re1 Rxe1 40. Bc6+ Kd8 41. Bxe1 Bc5+ 42. Bb4 Bxf2 43. Bxa4 Bxa4 44. Kxa4 e5 45. Kb5 Kd7 46. Kc4 f5 47. Ba5 e4 48. b4 Be1 49. Bb6 f4 50. b5 Bd2 51. Bd4 Be3 52. Be5 f3 53. gxf3 exf3 54. Kd3 Bb6 55. Kd2 g5 0-1

[Event "Provincial-ch Xeraco Preferente"]
[Site "Xeraco"]
[Date "2014.09.27"]
[Round "1.2"]
[White "Torres Miras, Manuel"]
[Black "Bas Mas, Miguel"]
[Result "0-1"]
[WhiteElo "1870"]
[BlackElo "2099"]
[PlyCount "116"]
[EventDate "2014.09.27"]
[EventType "swiss"]
[EventRounds "7"]
[EventCountry "ESP"]
[SourceTitle "EXT 2024"]
[Source "ChessBase"]
[SourceDate "2023.10.10"]
[SourceVersion "1"]
[SourceVersionDate "2023.10.10"]
[SourceQuality "1"]

1. d4 Nf6 2. c4 g6 3. Nc3 d5 4. Bf4 Bg7 5. Nf3 0-0 6. e3 c5 7. Be2 Qb6 8. Qb3 dxc4 9. Bxc4 Nc6 10. Qxb6 axb6 11. d5 Na5 12. Bb5 Bf5 13. Nd2 Bd7 14. Be2 e6 15. e4 exd5 16. exd5 Rfe8 17. 0-0 Bf5 18. Bb5 Red8 19. Bc7 Rxd5 20. Nxd5 Nxd5 21. Bg3 Bxb2 22. Rae1 Nc3 23. Be5 Nxb5 24. Bxb2 Bd3 25. Ne4 Nd4 26. Nf6+ Kg7 27. Ne8+ Kf8 28. Nf6 Bxf1 29. Kxf1 Nc4 30. Bc1 Kg7 31. Ne8+ Kh8 32. Nf6 Rxa2 33. Bh6 Ne6 34. Rd1 b5 35. g3 Nd4 36. Rc1 Ne6 37. Rd1 Ne5 38. h4 c4 39. Rd5 Nd3 40. f4 Ndc5 41. g4 Ra1+ 42. Kg2 Ra2+ 43. Kg1 c3 44. f5 Ra1+ 45. Kg2 c2 46. fxe6 Nxe6 47. Rd7 c1Q 48. Bxc1 Rxc1 49. Rxf7 Rc7 50. Rxc7 Nxc7 51. Kf3 Kg7 52. Ne4 Nd5 53. Nd6 b4 54. g5 b3 55. Nc4 b5 56. Nb2 Nb6 57. Ke4 Nc4 58. Nd1 b2 0-1

[Event "Mislata op-B 48th"]
[Site "Mislata"]
[Date "2014.08.15"]
[Round "7"]
[White "Lozano Gil, Jose Luis"]
[Black "Bas Mas, Miguel"]
[Result "0-1"]
[WhiteElo "1963"]
[BlackElo "2082"]
[PlyCount "163"]
[EventDate "2014.08.11"]
[EventType "swiss"]
[EventRounds "9"]
[EventCountry "ESP"]
[SourceTitle "CBM 161 Extra"]
[Source "ChessBase"]
[SourceDate "2014.08.29"]
[SourceVersion "1"]
[SourceVersionDate "2014.08.29"]
[SourceQuality "1"]

1. e4 Nf6 2. e5 Nd5 3. d4 d6 4. Nf3 dxe5 5. Nxe5 c6 6. c4 Nb4 7. a3 Qxd4 8. Qe2 Nc2+ 9. Qxc2 Qxe5+ 10. Be2 Na6 11. 0-0 Nc5 12. Be3 Bf5 13. Qc3 Qxc3 14. Nxc3 Nb3 15. Rae1 e6 16. f3 Bc5 17. Kf2 Rd8 18. Bxc5 Nxc5 19. Ke3 Nd3 20. Rb1 Ke7 21. Ne4 Bxe4 22. fxe4 Ne5 23. c5 Rd7 24. Rbd1 b6 25. Rxd7+ Nxd7 26. cxb6 axb6 27. Rc1 Ne5 28. Rd1 Ra8 29. Kf4 f6 30. Rc1 Ra4 31. Ke3 f5 32. exf5 exf5 33. Rc3 Rh4 34. h3 Ke6 35. b4 Kd5 36. Rc1 Re4+ 37. Kd2 g6 38. Rc3 Kd4 39. Bf3 Nc4+ 40. Kc2 Re3 41. Rxe3 Nxe3+ 42. Kd2 Nc4+ 43. Kc1 Ne5 44. Bd1 Kc3 45. Ba4 b5 46. Bd1 f4 47. h4 Nd3+ 48. Kb1 Ne1 49. h5 gxh5 50. Bxh5 Nd3 51. Ka1 Ne5 52. Ka2 Kd3 53. Kb3 Ke3 54. Kc3 h6 55. Be8 Ke4 56. Bh5 Kd5 57. Bd1 Kd6 58. Kd4 Nc4 59. a4 Ne3 60. axb5 cxb5 61. Bf3 Nc2+ 62. Kc3 Na3 63. Kd3 Ke5 64. Bh5 Nc4 65. Be8 Nd6 66. Bg6 Nf5 67. Be8 Nd6 68. Bg6 Nf5 69. Be8 Nd6 70. Bg6 Nc4 71. Be8 Na3 72. Bh5 Kf5 73. Kd4 Kg5 74. Be2 h5 75. Kc5 h4 76. Bf3 Kf5 77. Kd4 Nc2+ 78. Kd3 Ne1+ 79. Ke2 Nxf3 80. Kxf3 Kg5 81. Kf2 Kg4 82. Kg1 0-1

[Event "Mislata op-B 48th"]
[Site "Mislata"]
[Date "2014.08.14"]
[Round "6"]
[White "Bas Mas, Miguel"]
[Black "Ortin Blanco, Inigo"]
[Result "1-0"]
[WhiteElo "2082"]
[BlackElo "1741"]
[PlyCount "41"]
[EventDate "2014.08.11"]
[EventType "swiss"]
[EventRounds "9"]
[EventCountry "ESP"]
[SourceTitle "CBM 161 Extra"]
[Source "ChessBase"]
[SourceDate "2014.08.29"]
[SourceVersion "1"]
[SourceVersionDate "2014.08.29"]
[SourceQuality "1"]

1. b3 d5 2. Bb2 Nc6 3. e3 Nf6 4. Nf3 Bg4 5. d4 e6 6. Be2 Bd6 7. 0-0 0-0 8. c4 Nb8 9. h3 Bh5 10. Nbd2 Nbd7 11. Rc1 b6 12. Ne5 Bxe2 13. Qxe2 c5 14. Ndf3 Ne4 15. Nxd7 Qxd7 16. dxc5 Bxc5 17. Rfd1 Rfd8 18. cxd5 exd5 19. Ne5 Qf5 20. Nc6 Rd6 21. Ne7+ 1-0

[Event "Mislata op-B 48th"]
[Site "Mislata"]
[Date "2014.08.12"]
[Round "2"]
[White "Bas Mas, Miguel"]
[Black "Davidovas Chananovas, Norman"]
[Result "1/2-1/2"]
[WhiteElo "2082"]
[BlackElo "1943"]
[PlyCount "57"]
[EventDate "2014.08.11"]
[EventType "swiss"]
[EventRounds "9"]
[EventCountry "ESP"]
[SourceTitle "CBM 161 Extra"]
[Source "ChessBase"]
[SourceDate "2014.08.29"]
[SourceVersion "1"]
[SourceVersionDate "2014.08.29"]
[SourceQuality "1"]

1. Nf3 g6 2. e3 Bg7 3. c4 Nf6 4. Nc3 c5 5. d4 cxd4 6. exd4 0-0 7. Be2 d5 8. 0-0 Nc6 9. Ne5 dxc4 10. Bxc4 e6 11. Nxc6 bxc6 12. Qa4 Qc7 13. Ne2 Nd5 14. Bd2 Nb6 15. Qc2 Nxc4 16. Qxc4 Qb6 17. Qc2 Ba6 18. Be3 Bxe2 19. Qxe2 Bxd4 20. Bxd4 Qxd4 21. Rac1 Qb6 22. Rc2 Rfd8 23. Rfc1 Rac8 24. h3 Rd5 25. Rc4 Qa6 26. b3 Rcd8 27. R1c2 c5 28. Qe3 Qd6 29. Qg3 1/2-1/2

[Event "Mislata op-B 48th"]
[Site "Mislata"]
[Date "2014.08.11"]
[Round "1"]
[White "Gil Juan, German"]
[Black "Bas Mas, Miguel"]
[Result "0-1"]
[WhiteElo "1853"]
[BlackElo "2082"]
[PlyCount "72"]
[EventDate "2014.08.11"]
[EventType "swiss"]
[EventRounds "9"]
[EventCountry "ESP"]
[SourceTitle "CBM 161 Extra"]
[Source "ChessBase"]
[SourceDate "2014.08.29"]
[SourceVersion "1"]
[SourceVersionDate "2014.08.29"]
[SourceQuality "1"]

1. e4 c5 2. Nc3 e6 3. g3 Nc6 4. Bg2 d6 5. d3 Nf6 6. f4 Be7 7. Nf3 0-0 8. 0-0 a6 9. Kh1 Qc7 10. Be3 Rb8 11. h3 b5 12. g4 b4 13. Ne2 Bb7 14. Qe1 Nd7 15. f5 Rfe8 16. Nf4 Bf6 17. Rb1 Nce5 18. Nh5 Nxf3 19. Nxf6+ Nxf6 20. Bxf3 exf5 21. gxf5 d5 22. Qh4 dxe4 23. Bf4 Qc8 24. Bg2 Ra8 25. Rbe1 exd3 26. Rxe8+ Nxe8 27. cxd3 Bxg2+ 28. Kxg2 Qxf5 29. Qe7 Nf6 30. Bg3 Qd5+ 31. Kg1 Re8 32. Qc7 Qxd3 33. Qf4 Qg6 34. Rf3 Nh5 35. Re3 Qb1+ 36. Be1 Qxe1+ 0-1

[Event "Provincial-ch Gandia Preferente"]
[Site "Gandia"]
[Date "2013.11.23"]
[Round "7"]
[White "Bas Mas, Miguel"]
[Black "Gomez Sanjuan, Hector Fernando"]
[Result "1-0"]
[WhiteElo "1989"]
[BlackElo "1745"]
[PlyCount "97"]
[EventDate "2013.10.05"]
[EventType "swiss"]
[EventRounds "7"]
[EventCountry "ESP"]
[SourceTitle "EXT 2024"]
[Source "ChessBase"]
[SourceDate "2023.10.10"]
[SourceVersion "1"]
[SourceVersionDate "2023.10.10"]
[SourceQuality "1"]

1. b3 Nf6 2. Nf3 g6 3. Bb2 Bg7 4. e3 0-0 5. Be2 c5 6. 0-0 Nc6 7. d4 cxd4 8. Nxd4 d5 9. Nxc6 bxc6 10. Nd2 Bf5 11. c4 Rc8 12. Qc1 Qb6 13. Bc3 Rfe8 14. Qb2 Qb8 15. Nf3 e5 16. Rfd1 Ne4 17. Be1 Nxf2 18. Bxf2 e4 19. Nd4 c5 20. Bg3 Qb6 21. cxd5 cxd4 22. exd4 e3 23. Rac1 Rxc1 24. Qxc1 Bxd4 25. Bc7 Qf6 26. Qc6 Qxc6 27. dxc6 Rc8 28. Rxd4 Rxc7 29. Bf3 Kf8 30. Kf1 Ke7 31. Ke2 Bb1 32. a4 Bc2 33. Rb4 Kd6 34. Kxe3 f5 35. Rb7 Rxb7 36. cxb7 Kc7 37. Bd5 Bd1 38. a5 g5 39. g3 Bh5 40. a6 Be8 41. Kd4 Bb5 42. Bc4 Bd7 43. Ke5 h5 44. Be6 f4 45. gxf4 g4 46. f5 h4 47. Kf4 g3 48. hxg3 h3 49. Bd5 1-0

[Event "Provincial-ch Gandia Preferente"]
[Site "Gandia"]
[Date "2013.11.16"]
[Round "6"]
[White "Cerda Revert, Jose Maria"]
[Black "Bas Mas, Miguel"]
[Result "0-1"]
[WhiteElo "1746"]
[BlackElo "1989"]
[PlyCount "64"]
[EventDate "2013.10.05"]
[EventType "swiss"]
[EventRounds "7"]
[EventCountry "ESP"]
[SourceTitle "EXT 2024"]
[Source "ChessBase"]
[SourceDate "2023.10.10"]
[SourceVersion "1"]
[SourceVersionDate "2023.10.10"]
[SourceQuality "1"]

1. e4 Nf6 2. Nc3 d5 3. exd5 Nxd5 4. Nxd5 Qxd5 5. d4 g6 6. c3 Bg7 7. Nf3 0-0 8. Be2 b6 9. c4 Qd8 10. 0-0 Bb7 11. Be3 Nd7 12. Qb3 Rc8 13. c5 Nf6 14. Rfd1 Nd5 15. Rac1 Nxe3 16. fxe3 Bd5 17. Qa3 Bh6 18. Rc3 a5 19. Rdc1 Qd7 20. Ne5 Qe6 21. cxb6 cxb6 22. b3 f6 23. Bg4 f5 24. Be2 Bg5 25. R1c2 Bxe3+ 26. Rxe3 Rxc2 27. Bd3 Rxg2+ 28. Kf1 f4 29. Re4 Rxh2 30. Bc4 Qh3+ 31. Ke1 Qc3+ 32. Kf1 Bxc4+ 0-1

[Event "Provincial-ch Gandia Preferente"]
[Site "Gandia"]
[Date "2013.10.26"]
[Round "3"]
[White "Frasquet Solbes, Elias"]
[Black "Bas Mas, Miguel"]
[Result "1-0"]
[WhiteElo "2164"]
[BlackElo "1989"]
[PlyCount "68"]
[EventDate "2013.10.05"]
[EventType "swiss"]
[EventRounds "7"]
[EventCountry "ESP"]
[SourceTitle "EXT 2024"]
[Source "ChessBase"]
[SourceDate "2023.10.10"]
[SourceVersion "1"]
[SourceVersionDate "2023.10.10"]
[SourceQuality "1"]

1. Nf3 Nf6 2. g3 g6 3. Bg2 Bg7 4. 0-0 0-0 5. d4 d5 6. c4 c6 7. cxd5 Nxd5 8. e4 Nb6 9. h3 N8d7 10. Nc3 e5 11. Bg5 Qe8 12. d5 cxd5 13. exd5 h6 14. Bc1 f5 15. Re1 Qf7 16. Nd2 e4 17. Ncxe4 fxe4 18. Nxe4 Nxd5 19. Re2 N5b6 20. Nd6 Qf6 21. Qb3+ Kh7 22. Bf4 Nc5 23. Qa3 Nba4 24. Ne8 Qf7 25. Nxg7 Qxg7 26. Bd6 Rf7 27. Bxc5 Nxc5 28. Qxc5 Bf5 29. Qa3 Rd8 30. Qxa7 Bd3 31. Rd2 Rfd7 32. Rad1 Qf7 33. Qe3 Qf5 34. g4 Qb5 1-0